000 00736 a2200193 4500
999 _c2091
_d2091
020 _a9781849801089 (hbk.)
020 _a1849801088 (hbk.)
050 0 0 _aHJ8899.RAF 2010
100 1 _aRaffer, Kunibert,
_d1951-
245 1 0 _aDebt management for development :
_bprotection of the poor and the millennium development goals /
_cKunibert Raffer.
264 _aCheltham:
_bEdward Elgar.,
_c2010
300 _aix, 309 p. :
_btables ;
500 _aIncludes bibliographical references (p. 278-295) and index.
504 _aIncludes bibliographical references (p. 278-295) and index.
650 0 _aDebts, External
650 0 _aDebt relief
942 _2lcc
_cBK
_h8899
_iRAF
_kHJ